Comida de España - Estadísticas

Estadísticas generales
  • Esta prueba ha sido intentada 1.007 veces
  • La puntuación promedio es 14 de 16
Estadísticas de respuestas
Imagen Respuesta % Correcto
paella
100%
churros
99%
jamón
99%
croquetas
98%
gazpacho
97%
tortilla de patata
97%
empanada
93%
patatas bravas
92%
pulpo a la gallega / pulpo a feira
90%
torrijas
89%
cachopo
86%
fabada
83%
migas
83%
cocido madrileño
82%
huevos rotos
78%
callos
69%
No se encontraron pruebas coincidentes
Distribución de puntuación
Porcentaje de gente con cada puntuación
Porcentaje por número respondido
Historial de tus puntuaciones
No has intentado esta prueba.